| 000 | 019570000a22003370004500 | ||
|---|---|---|---|
| 003 | EG-GICUC | ||
| 005 | 20250223032951.0 | ||
| 008 | 060917s2006 ua d f m 000 0 eng d | ||
| 040 |
_aEG-GICUC _beng _cEG-GICUC |
||
| 041 | 0 | _aEng | |
| 049 | _aDeposite | ||
| 097 | _aM.Sc | ||
| 099 | _aCai01.12.02.M.Sc.2006.Ta.B | ||
| 100 | 0 | _aTaghred Rafat ElMaghawry ElRasheedy | |
| 245 | 1 | 0 |
_aBiochemical studies of von willebrand factor in diabetic and hypercholesterolaemic patients / _cTaghred Rafat ElMaghawry ElRasheedy ; Supervised Mohammed Osman Ibrahim Refaie , Safaa Moustafa ELkarksy , Mohammed Ali El Desouky |
| 260 |
_aCairo : _bTaghred Rafat ElMaghawry ElRasheedy , _c2006 |
||
| 300 |
_a174 P : _bcharts ; _c30cm |
||
| 502 | _aThesis (M.Sc.) - Cairo University - Faculty Of Science - Department Of Biochemistry | ||
| 520 | _aVon Willebrand (vW) Protein is a large , adhesive glycoprotein of complex multimeric structure that mediates the adhesion of platelet to subendothelium after injury , thrombus Formation and coagulation , the latter as carrier for Factor VIIIit is synthesized by endothelial cells and Megakaryocytes as a primary translation product of 2813 amino acids , which are likely to be the source of vW protein in plasma and subendothelium and stored in the Weibel - Palade bodies and in an internal structure in the alpha - granule of plateletsvW protein is first synthesized as a 260 - KD precursor sub unitvWF is located on the short arm of chromosome 12 | ||
| 530 | _aIssued also as CD | ||
| 653 | 4 | _aDDAVP - - - dEAMINO - D - Arginine vasopressine | |
| 653 | 4 | _avon willebrand diseases | |
| 653 | 4 | _avon willebrand Factor | |
| 700 | 0 |
_aMohamed Aly ElDesouky , _eSupervisor |
|
| 700 | 0 |
_aMohamed Osman Ibrahim Refaie , _eSupervisor |
|
| 700 | 0 |
_aSafaa Moustafa Elkaraksy , _eSupervisor |
|
| 856 | _uhttp://172.23.153.220/th.pdf | ||
| 905 |
_aEsam _eRevisor |
||
| 905 |
_aSamia _eCataloger |
||
| 942 |
_2ddc _cTH |
||
| 999 |
_c85260 _d85260 |
||